Statistics for 16/26 Countries that start with P

Click here to take the quiz!

General Stats

  • This quiz has been taken 189 times
  • The average score is 7 of 9

Answer Stats

Answer% Correct
Paraguay
87%
Poland
87%
Pakistan
86%
Panama
85%
Peru
85%
Portugal
83%
Palau
79%
Papua New Guinea
68%
Philippines
64%

Score Distribution

Percentile by Number Answered

Percent of People with Each Score

Your Score History

You have not taken this quiz